000 00929nam a22002415i 4500
001 176037
003 ES-MaACL
005 20250815062612.0
008 101213s1968 sp abf |||| | spa d
080 _a930.85
100 1 _aCoon, Carlenton S.
_940375
245 1 3 _aLa historia del hombre
_b: desde los orígenes de la humanidad a nuestros días /
_cCarleton S. Coon ; [lo tradujo al castellano Arturo Valls Medina].
260 _aMadrid :
_bGuadarrama,
_cD. L. 1968.
300 _a584, [32] p. , [15] h. de lám. col. , [5] h. de map. pleg. :
_bil. bl. y n. ;
_c22 cm.
490 1 _aBiblioteca de ciencias humanas ;
_v4
500 _aÍndices.
594 _aTít. original: The story of man.
650 0 7 _aHistoria universal
_2embne
_913429
700 0 _aValls Medina, Arturo.
_9144258
830 0 _aBiblioteca de ciencias humanas ;
_v4
_9189910
852 _aES-MaACL
_jE-13773
_xOlim P-1350
999 _c176037
_d176037